Změna entalpie předlitků při ochlazování v hranách

Podrobná bibliografia
Hlavný autor: Příhoda, Miroslav, 1943- (Autor)
Médium: Článok
Jazyk:čeština
Fyzický popis:Grafy 2., lit. 2 zázn. v češ.
Predmet:

MARC

LEADER 00000nab a2200000 a 4500
001 vtls000456407
003 SK-MaSNL
005 20260303000024.0
008 120926c1991 xo 0 cze
015 |a SNBRA19rr/mm-uuuuu 
035 |a CL0456538 
040 |a SNKBUCL  |b slo  |c SNKBUCL  |e AACR2 
041 0 |a cze 
044 |a xo  |c SK 
080 |a 621.746.6.047:536.722  |2 1981 
080 |a 536.722  |2 1981 
100 1 |a Příhoda, Miroslav,  |d 1943-  |4 aut  |9 116179 
245 1 0 |a Změna entalpie předlitků při ochlazování v hranách  |c Miroslav Příhoda 
300 |b Grafy 2., lit. 2 zázn. v češ. 
650 0 7 |a odlievanie plynulé  |2 snkbucl  |9 770079 
650 0 7 |a predliatky  |2 snkbucl  |9 938608 
655 7 |a články zo zborníkov  |2 snkbucl  |9 166140 
773 0 |t Zborník prednášok. 9. celoštátny seminár katedier mechaniky tekutín a termomechaniky  |d Zvolen : VŠLD, 1991  |g S. 117-122 
850 |a Slovenská národná knižnica v Martine  |a MTA001 
852 |a SNK  |b KIS3GCP 
958 |a RK 
992 |a RZB 
999 |c 1556972  |d 1558902